| 000 | 00808nam a22002297a 4500 | ||
|---|---|---|---|
| 999 |
_c526732 _d526732 |
||
| 003 | NUST | ||
| 005 | 20190716050807.0 | ||
| 008 | 190716b ||||| |||| 00| 0 eng d | ||
| 038 | _aIESE | ||
| 040 | _c0 | ||
| 050 | _a363.7 AJM | ||
| 082 | _a363.7 AJM | ||
| 100 |
_aFariha Ajmal _916452 |
||
| 245 |
_aIntegrated approach for phythoextraction of pb contamination soil using pelargonium species _cFariha Ajmal |
||
| 260 |
_aIslamabad _bIESE (SCEE) NUST _c2018 |
||
| 300 |
_a60p. _bH.B |
||
| 440 |
_aMS Environmental Science _91724 |
||
| 500 | _aThesis MS ES | ||
| 650 |
_aEnvironmental Science _91725 |
||
| 700 | _4Dr. Muhammad Arshad (Supervisor) | ||
| 942 |
_2ddc _cTHE _kIESE |
||